000 01013cam a22003497a 4500
001 4341
003 FISKH
005 20240730154600.0
008 110114s2010 nyua j 000 0 eng d
010 _a 2010284648
020 _a9780545244398 (pbk.)
020 _a0545244390 (pbk.)
020 _a9780545244398
035 _a(OCoLC)ocn671655867
040 _aSFC
_cSFC
_dDLC
_beng
050 _aQL737.C27
082 _a599.78
100 1 _aBerger, Melvin.
245 1 0 _aBears /
_cby Melvin and Gilda Berger.
260 _aNew York :
_bScholastic,
_c2010.
300 _a16 pages :
_bcolor illustrations ;
_c23 cm
490 0 _aDiscovering my world
505 _aE
520 _aBrief text and pictures portray the characteristics and habits of bears.
521 8 _a260
_bLexile
521 8 _aE
_bRaz-Plus
650 0 _aBears
_vJuvenile literature.
700 1 _aBerger, Gilda.
_eAuthor
906 _a7
_bcbc
_ccopycat
_d2
_encip
_f20
_gy-gencatlg
942 _2ddc
_cBK
_n0
999 _c4341
_d4341